| 000 | 00342 a2200097 4500 | ||
|---|---|---|---|
| 001 | 12843 | ||
| 100 | _aNewman,J H C | ||
| 245 | _aApologia Pro Vita Sua: An authoritiative text basic texts of the newman-kingsley controversy origin and reception of the apologia essays in criticism | ||
| 260 |
_a _bW.W.Norton & Company _c |
||
| 090 |
_c9826 _d9826 |
||
| 942 |
_aNUST-CAE _cM _c36740 |
||
| 999 |
_c247916 _d247916 |
||